000 00825nam a2200229 a 4500
001 64340
003 BD-RjUL
005 20211209081308.0
008 170213m1974 bg ||||| |||| 00| f ben d
020 _c:Tk. 6.00
035 _a(BD-RjUL)64470
040 _aBD-RjUL
_bben
_cBD-RjUL
_dBD-RjUL
041 _aben
082 _223
_a891.443
_bCHC 1974
100 _aচট্টোপাধ্যায়, বঙ্কিমচন্দ্র
_9126024
245 1 0 _aচন্দ্রশেখর /
_cবঙ্কিমচন্দ্র চট্টোপাধ্যায়
260 _aঢাকা :
_bমুক্তধারা,
_c১৯৭৪
300 _a১৩৮ পৃ. ;
_c২২ সেমি.
650 _aবাংলা উপন্যাস
_9126025
650 _aBengali Fiction
_9126026
942 _2ddc
_cBK
999 _c64340
_d64340